Las feromonas de la manzana : el valor educativo de la dirección escolar /

El libro pone el foco en el liderazgo escolar y aborda cuestiones tan interesantes como el sentido de la función, los motivos que conducen a ella, las funciones y estilos de dirección, el papel de las mujeres, la evaluación de la escuela... Y plantea los problemas que generan los jefes tóxicos en ed...

Descripción completa

Detalles Bibliográficos
Autor principal: Santos Guerra, Miguel Angel
Formato: Libro
Lenguaje:español
Publicado: Rosario Homo Sapiens 2013
Colección:Educación
Materias:
Acceso en línea:

MARC

LEADER 00000cam a2200000 a 4500
001 013943
003 UAHC_CL
005 20170803121057.0
008 151105s2013 ag 000 spa
020 |a 9789508087638 
040 |a UAHC_CL  |c UAHC_CL  |d UAHC_CL 
082 0 4 |a 370.1  |b S237  |2 20 
100 1 |a Santos Guerra, Miguel Angel 
245 1 4 |a Las feromonas de la manzana :  |b el valor educativo de la dirección escolar /  |c Miguel çngel Santos Guerra. 
260 |b Homo Sapiens  |a Rosario  |c 2013 
300 |a 149 p. 
490 0 |a Educación 
520 |a El libro pone el foco en el liderazgo escolar y aborda cuestiones tan interesantes como el sentido de la función, los motivos que conducen a ella, las funciones y estilos de dirección, el papel de las mujeres, la evaluación de la escuela... Y plantea los problemas que generan los jefes tóxicos en educación. 
650 4 |a ADMINISTRACION ESCOLAR 
653 |a PEDAGOGIA EN EDUCACION BASICA 
900 |a 370.1 SAN 
942 |c BK 
952 |0 0  |1 0  |4 0  |6 370_100000000000000_SAN  |7 0  |8 General  |9 27969  |a BC  |b BC  |c General  |d 2017-08-03  |o 370.1 SAN  |p 1430475  |r 2026-01-13 00:00:00  |t 1  |w 2017-08-03  |y BK 
999 |c 13943  |d 13943